[Event "IV Zagreb Open 2019"]
[Site "Zagreb"]
[Date "2019.12.12"]
[Round "7.8"]
[White "Stany, G.A."]
[Black "Peng, Hongchi"]
[Result "1-0"]
[WhiteElo "2526"]
[BlackElo "2271"]
[Annotator "TA"]
[PlyCount "79"]
[EventDate "2019.12.07"]
[EventType "swiss"]
[EventCountry "CRO"]
[SourceTitle "playchess.com"]
[Source "ChessBase"]
[SourceQuality "1"]

{[%evp 21,79,0,0,0,0,0,0,0,0,0,0,0,0,0,0,0,0,-14,0,0,67,79,57,43,31,19,72,45,30,29,124,135,127,143,114,71,75,79,216,203,344,366,360,360,400,331,483,482,478,473,756,743,734,719,716,702,616,606,591,585]} 1. e4 c5 2. Nf3 d6 3. d4 cxd4 4. Nxd4 Nf6 5. Nc3 a6 6. Be2 e5 7. Nb3 Be7 8. O-O O-O 9. Kh1 b6 {[%cal Bb7b6,Bb6b5][%mdl 32]} 10. Be3 Bb7 11. f3 b5 12. a4 {B92: Sicilian Najdorf: 6 Be2} b4 13. Nd5 Nxd5 14. exd5 {The position is equal.} Nd7 15. c3 bxc3 16. bxc3 Bg5 17. Bf2 Qc7 18. c4 a5 19. Nd2 f5 {[#]} 20. Nb1 $146 Nf6 (20... Nc5 $11) 21. Nc3 $14 e4 22. Bd4 exf3 23. Rxf3 Ne4 (23... g6 $11 {remains equal.}) 24. Nxe4 fxe4 25. Rg3 Qe7 {[#]} (25... h6 $11) 26. c5 $1 $16 {[%cal Rc5d6][%mdl 512] aiming for cxd6.} dxc5 {[#]} 27. d6 $1 {[%cal Rd6e7][%mdl 512]} Qf7 (27... Qxd6 28. Bc4+) 28. Rxg5 {[%mdl 64] Double Attack} cxd4 29. Qxd4 {Black must now prevent Bc4!} Ba6 {[#]} (29... Qf6 $16 {is a better defense.} 30. Qxf6 Rxf6) 30. Bg4 $1 $40 {[%cal Rg4e6][%mdl 128] Threatens to win with Be6! White has strong attack.} ({But not} 30. Qxe4 $2 Rae8 $19) 30... Qf1+ (30... Qf6 $142 31. Qxf6 Rxf6) 31. Rxf1 Rxf1+ 32. Qg1 Rxg1+ 33. Kxg1 {[%mdl 4096] Endgame KRB-KRB} e3 (33... Rd8 $142 34. d7 (34. Rxa5 Rxd6 35. Kf2 Kf7 $16) 34... Bb7 35. Rxa5 Kf8) 34. Rxa5 {White is clearly winning.} Rb8 {( -> ...Rb1+)} 35. h3 Bc8 (35... Bd3 $142 36. d7 Rd8) 36. Rb5 Ra8 37. d7 Bxd7 38. Bxd7 Kf7 39. Re5 Rd8 40. Bb5 {Accuracy: White = 74%, Black = 38%.} 1-0

[Event "IV Zagreb Open 2019"]
[Site "Zagreb"]
[Date "2019.12.12"]
[Round "7.9"]
[White "Safar, Sandro"]
[Black "Cvitan, Ognjen"]
[Result "1/2-1/2"]
[WhiteElo "2210"]
[BlackElo "2488"]
[Annotator "ChessBase"]
[PlyCount "30"]
[EventDate "2019.12.07"]
[EventType "swiss"]
[EventCountry "CRO"]
[SourceTitle "playchess.com"]
[Source "ChessBase"]
[SourceQuality "1"]
[TimeControl "40/5400+30:1800+30"]

1. d4 {[%emt 0:05:38]} Nf6 {[%emt 0:02:06]} 2. Nc3 {[%emt 0:00:21]} d5 {[%emt 0:01:33]} 3. Bf4 {[%emt 0:00:20]} c5 {[%emt 0:01:00]} 4. e3 {[%emt 0:00:24]} cxd4 {[%emt 0:00:20]} 5. exd4 {[%emt 0:00:09]} a6 {[%emt 0:01:41]} 6. Nf3 {[%emt 0:06:05]} Bg4 {[%emt 0:04:35]} 7. h3 {[%emt 0:01:36]} Bxf3 {[%emt 0:01:31]} 8. Qxf3 {[%emt 0:00:10]} Nc6 {[%emt 0:00:10]} 9. O-O-O {[%emt 0:02:29]} e6 {[%emt 0:00:17]} 10. g4 {[%emt 0:01:59]} Bd6 {[%emt 0:03:24]} 11. h4 {[%emt 0:07:01]} Bxf4+ {[%emt 0:13:41]} 12. Qxf4 {[%emt 0:00:08]} O-O {[%emt 0:01:11]} 13. g5 {[%emt 0:12:19]} Ne8 {[%emt 0:03:13]} 14. Bh3 {[%emt 0:04:52]} Qd6 {[%emt 0:14:56]} 15. Ne2 {[%emt 0:15:59]} Qxf4+ {[%emt 0:12:31]} 1/2-1/2

[Event "IV Zagreb Open 2019"]
[Site "Zagreb"]
[Date "2019.12.12"]
[Round "7.10"]
[White "Janzelj, Tim"]
[Black "Zhou, Guijue"]
[Result "1-0"]
[WhiteElo "2446"]
[BlackElo "2238"]
[Annotator "TA"]
[PlyCount "41"]
[EventDate "2019.12.07"]
[EventType "swiss"]
[EventCountry "CRO"]
[SourceTitle "playchess.com"]
[Source "ChessBase"]
[SourceQuality "1"]

{[%evp 16,41,30,23,29,22,23,16,28,20,65,68,92,86,131,133,128,118,263,181,295,285,286,276,441,440,756,441]} 1. e4 c5 2. Nf3 a6 3. c3 d5 4. exd5 Qxd5 5. d4 e6 6. Be2 Nf6 7. O-O Nc6 8. Be3 cxd4 9. Nxd4 e5 {B28: Sicilian: 2 Nf3 a6 (O'Kelly Variation)} (9... Nxd4 10. Bxd4 Bc5 11. Bf3 Qd6 12. Na3 Bxd4 13. Qxd4 Qxd4 14. cxd4 Rb8 15. Rac1 b5 16. Rc7 O-O 17. Rfc1 {½-½ (59) Goganov,A (2576)-Romanov,E (2628) Yaroslavl 2018}) 10. c4 Qd6 11. Nb3 Bf5 {The position is equal.} 12. Nc3 O-O-O 13. Qc1 $146 ({Predecessor:} 13. Bb6 Qxd1 14. Rfxd1 Rxd1+ 15. Rxd1 Be7 16. Nd5 Bd8 17. Bc5 {1-0 (62) Hoogendoorn,J (2392)-Philipowski,R (2329) Germany 2004}) 13... Qe6 14. Bb6 Re8 15. Nd5 $1 $36 {[%mdl 2048] Keeping Black busy.} Bd6 16. Rd1 Be4 (16... Kb8 $16 {is a better defense.}) 17. Qe3 {Black must now prevent Nxf6.} Bxd5 (17... Bc2 {keeps fighting.}) 18. cxd5 $18 Nxd5 {[#]} 19. Qe4 $1 {Strongly threatening Bg4.} Nce7 (19... Nf6 $142 20. Qa4 Kb8) 20. Bc4 Bb4 (20... f5 $142 21. Bxd5 Nxd5 22. Qxd5 Bc7 23. Bxc7 Qxd5) 21. Bc5 {Accuracy: White = 70%, Black = 17%.} ({Not} 21. Bxd5 Qxb6 22. Bxf7 Rd8 $18) 1-0

[Event "IV Zagreb Open 2019"]
[Site "Zagreb"]
[Date "2019.12.12"]
[Round "7.11"]
[White "Frouth, Nenad"]
[Black "Smith, Bryan"]
[Result "0-1"]
[WhiteElo "2195"]
[BlackElo "2428"]
[Annotator "RC"]
[PlyCount "74"]
[EventDate "2019.12.07"]
[EventType "swiss"]
[EventCountry "CRO"]
[SourceTitle "playchess.com"]
[Source "ChessBase"]
[SourceQuality "1"]
[TimeControl "40/5400+30:1800+30"]

1. Nf3 {[%emt 0:01:56]} g6 {[%emt 0:00:00]} 2. c4 {[%emt 0:00:37]} Bg7 {[%emt 0:00:00]} 3. d4 {[%emt 0:00:55]} c5 {[%emt 0:00:00]} 4. d5 {[%emt 0:03:14]} d6 {[%emt 0:00:03]} 5. g3 {[%emt 0:02:16]} e6 {[%emt 0:00:34]} 6. Nc3 {[%emt 0:03:29]} Ne7 {[%emt 0:00:22]} 7. Bg2 {[%emt 0:01:34]} exd5 {[%emt 0:00:20]} 8. cxd5 {[%emt 0:00:40]} O-O {[%emt 0:00:15]} 9. O-O {[%emt 0:00:19]} a6 {[%emt 0:00:25]} 10. a4 {[%emt 0:00:09]} h6 {[%emt 0:01:00]} 11. Nd2 {[%emt 0:13:55]} Nd7 {[%emt 0:01:21]} 12. Nc4 {[%emt 0:05:06]} Nb6 {[%emt 0:00:24]} 13. Na3 {[%emt 0:03:55]} Nf5 {[%emt 0:02:51]} 14. e3 {[%emt 0:01:25]} Bd7 {[%emt 0:03:13]} 15. a5 {[%emt 0:03:52]} Nc8 {[%emt 0:00:28]} 16. e4 {[%emt 0:04:14]} Nd4 {[%emt 0:00:22]} 17. Be3 {[%emt 0:03:50]} Qxa5 {[%emt 0:02:31]} 18. Bxd4 {[%emt 0:05:11]} cxd4 {[%emt 0:00:16]} 19. Ne2 {[%emt 0:00:26]} Na7 {[%emt 0:24:18]} 20. Nxd4 {[%emt 0:01:49]} Qb6 {[%emt 0:01:38]} 21. Ndc2 {[%emt 0:02:22]} Qxb2 {[%emt 0:07:59]} 22. Rb1 {[%emt 0:01:28]} Qc3 {[%emt 0:00:37]} 23. Rxb7 {[%emt 0:01:29]} Ba4 {[%emt 0:01:47]} 24. Qe1 {[%emt 0:03:40]} Rfc8 {[%emt 0:06:13]} 25. Qe3 {[%emt 0:05:24]} Nb5 {[%emt 0:03:07]} 26. Nxb5 {[%emt 0:02:09]} Bxb5 {[%emt 0:00:34]} 27. Qf4 {[%emt 0:08:20]} Qf6 {[%emt 0:00:15]} 28. Nb4 {[%emt 0:00:17]} Bxf1 {[%emt 0:00:56]} 29. Bxf1 {[%emt 0:00:06]} Qxf4 {[%emt 0:01:24]} 30. gxf4 {[%emt 0:00:04]} Rc1 {[%emt 0:00:48]} 31. Nd3 {[%emt 0:03:04]} Rd1 {[%emt 0:01:25]} 32. e5 {[%emt 0:00:24]} dxe5 {[%emt 0:04:28]} 33. fxe5 {[%emt 0:00:25]} a5 {[%emt 0:00:35]} 34. d6 {[%emt 0:00:21]} a4 {[%emt 0:01:15]} 35. d7 {[%emt 0:04:30]} Rd8 {[%emt 0:02:37]} 36. Ra7 {[%emt 0:01:09]} Bf8 {[%emt 0:01:10]} 37. f4 {[%emt 0:01:27]} Rxd3 {[%emt 0:01:03]} 0-1

[Event "IV Zagreb Open 2019"]
[Site "Zagreb"]
[Date "2019.12.13"]
[Round "8.1"]
[White "Enchev, Ivajlo"]
[Black "Kozul, Zdenko"]
[Result "1/2-1/2"]
[WhiteElo "2482"]
[BlackElo "2590"]
[Annotator "ChessBase"]
[PlyCount "79"]
[EventDate "2019.12.07"]
[EventType "swiss"]
[EventCountry "CRO"]
[SourceTitle "playchess.com"]
[Source "ChessBase"]
[SourceQuality "1"]
[TimeControl "40/5400+30:1800+30"]

1. d4 {[%emt 0:00:07]} Nf6 {[%emt 0:00:00]} 2. c4 {[%emt 0:00:08]} g6 {[%emt 0:00:00]} 3. Nc3 {[%emt 0:00:12]} Bg7 {[%emt 0:00:37]} 4. e4 {[%emt 0:00:15]} d6 {[%emt 0:00:07]} 5. Nf3 {[%emt 0:00:25]} O-O {[%emt 0:00:12]} 6. Be2 {[%emt 0:00:12]} e5 {[%emt 0:02:06]} 7. O-O {[%emt 0:00:14]} Nc6 {[%emt 0:00:47]} 8. dxe5 {[%emt 0:00:41]} dxe5 {[%emt 0:00:34]} 9. Bg5 {[%emt 0:00:14]} Bg4 {[%emt 0:02:29]} 10. Qxd8 {[%emt 0:01:35]} Nxd8 {[%emt 0:00:07]} 11. Bxf6 {[%emt 0:00:57]} Bxf6 {[%emt 0:00:08]} 12. Nd5 {[%emt 0:00:05]} Bxf3 {[%emt 0:00:26]} 13. Bxf3 {[%emt 0:04:44]} Bg5 {[%emt 0:03:58]} 14. Nxc7 {[%emt 0:02:00]} Rc8 {[%emt 0:00:15]} 15. Nb5 {[%emt 0:01:08]} Rxc4 {[%emt 0:07:25]} 16. Nxa7 {[%emt 0:03:20]} Ne6 {[%emt 0:05:04]} 17. Nb5 {[%emt 0:02:06]} Rb4 {[%emt 0:02:34]} 18. Nc3 {[%emt 0:03:26]} Rxb2 {[%emt 0:05:47]} 19. Rab1 {[%emt 0:03:27]} Rxb1 {[%emt 0:03:45]} 20. Rxb1 {[%emt 0:00:24]} Rc8 {[%emt 0:00:07]} 21. Nd5 {[%emt 0:07:07]} Rc2 {[%emt 0:00:35]} 22. a4 {[%emt 0:04:47]} Nc5 {[%emt 0:07:47]} 23. g3 {[%emt 0:09:52]} Kf8 {[%emt 0:11:41]} 24. h4 {[%emt 0:06:51]} Rc1+ {[%emt 0:04:07]} 25. Rxc1 {[%emt 0:00:05]} Bxc1 {[%emt 0:00:05]} 26. Bd1 {[%emt 0:05:26]} Nxe4 {[%emt 0:01:09]} 27. Bc2 {[%emt 0:00:16]} Nc5 {[%emt 0:03:59]} 28. g4 {[%emt 0:04:57]} h6 {[%emt 0:02:40]} 29. Kg2 {[%emt 0:04:40]} Bd2 {[%emt 0:04:43]} 30. Nf6 {[%emt 0:01:50]} Bb4 {[%emt 0:00:48]} 31. h5 {[%emt 0:01:42]} gxh5 {[%emt 0:00:28]} 32. gxh5 {[%emt 0:00:39]} Ne6 {[%emt 0:05:11]} 33. Be4 {[%emt 0:03:44]} Nc5 {[%emt 0:05:18]} 34. Bc2 {[%emt 0:00:15]} Ba5 {[%emt 0:05:16]} 35. Ng4 {[%emt 0:01:56]} Ne6 {[%emt 0:00:34]} 36. Nxe5 {[%emt 0:01:17]} Bc7 {[%emt 0:01:17]} 37. Nd3 {[%emt 0:01:52]} Ke7 {[%emt 0:00:09]} 38. Bd1 {[%emt 0:04:34]} b6 {[%emt 0:00:30]} 39. Kf3 {[%emt 0:02:26]} Bd6 {[%emt 0:04:39]} 40. Ke4 {[%emt 0:00:14]} 1/2-1/2

[Event "IV Zagreb Open 2019"]
[Site "Zagreb"]
[Date "2019.12.13"]
[Round "8.2"]
[White "Nikolov, Momchil"]
[Black "Kovacevic, Blazimir"]
[Result "1/2-1/2"]
[WhiteElo "2533"]
[BlackElo "2453"]
[Annotator "ChessBase"]
[PlyCount "25"]
[EventDate "2019.12.07"]
[EventType "swiss"]
[EventCountry "CRO"]
[SourceTitle "playchess.com"]
[Source "ChessBase"]
[SourceQuality "1"]
[TimeControl "40/5400+30:1800+30"]

1. d4 {[%emt 0:00:00]} Nf6 {[%emt 0:00:00]} 2. c4 {[%emt 0:00:34]} e6 {[%emt 0:00:00]} 3. Nc3 {[%emt 0:00:08]} d5 {[%emt 0:00:10]} 4. cxd5 {[%emt 0:00:13]} exd5 {[%emt 0:00:05]} 5. Bg5 {[%emt 0:00:06]} c6 {[%emt 0:00:10]} 6. e3 {[%emt 0:00:09]} Bd6 {[%emt 0:00:24]} 7. Bd3 {[%emt 0:00:58]} O-O {[%emt 0:00:19]} 8. Nge2 {[%emt 0:05:14]} Re8 {[%emt 0:01:24]} 9. h3 {[%emt 0:03:01]} Nbd7 {[%emt 0:09:42]} 10. Qc2 {[%emt 0:01:17]} Nf8 {[%emt 0:01:07]} 11. Bf4 {[%emt 0:07:51]} b6 {[%emt 0:09:10]} 12. O-O {[%emt 0:02:25]} Bb7 {[%emt 0:00:33]} 13. Rac1 {[%emt 0:10:49]} 1/2-1/2

[Event "IV Zagreb Open 2019"]
[Site "Zagreb"]
[Date "2019.12.13"]
[Round "8.3"]
[White "Kotronias, Vasilios"]
[Black "Strikovic, Aleksa"]
[Result "1-0"]
[WhiteElo "2506"]
[BlackElo "2468"]
[Annotator "ChessBase"]
[PlyCount "89"]
[EventDate "2019.12.07"]
[EventType "swiss"]
[EventCountry "CRO"]
[SourceTitle "playchess.com"]
[Source "ChessBase"]
[SourceQuality "1"]
[TimeControl "40/5400+30:1800+30"]

1. e4 {[%emt 0:00:00]} d6 {[%emt 0:00:00]} 2. d4 {[%emt 0:00:04]} Nf6 {[%emt 0:00:00]} 3. Nc3 {[%emt 0:00:07]} e5 {[%emt 0:00:00]} 4. Nf3 {[%emt 0:00:03]} Nbd7 {[%emt 0:00:00]} 5. Bc4 {[%emt 0:00:05]} Be7 {[%emt 0:00:01]} 6. O-O {[%emt 0:00:14]} O-O {[%emt 0:01:05]} 7. a4 {[%emt 0:04:33]} a5 {[%emt 0:00:34]} 8. Re1 {[%emt 0:00:15]} c6 {[%emt 0:00:07]} 9. h3 {[%emt 0:00:59]} Nb6 {[%emt 0:00:16]} 10. Ba2 {[%emt 0:01:12]} Nfd7 {[%emt 0:00:08]} 11. Be3 {[%emt 0:09:55]} exd4 {[%emt 0:00:06]} 12. Bxd4 {[%emt 0:02:47]} Nc5 {[%emt 0:00:07]} 13. Bxc5 {[%emt 0:00:35]} dxc5 {[%emt 0:00:05]} 14. Qe2 {[%emt 0:02:35]} Qd6 {[%emt 0:00:07]} 15. Qe3 {[%emt 0:02:04]} Qg6 {[%emt 0:12:47]} 16. Ne5 {[%emt 0:04:54]} Qf6 {[%emt 0:00:23]} 17. Nc4 {[%emt 0:04:51]} Nxc4 {[%emt 0:04:12]} 18. Bxc4 {[%emt 0:00:05]} Be6 {[%emt 0:00:21]} 19. e5 {[%emt 0:10:46]} Qg6 {[%emt 0:04:51]} 20. Bd3 {[%emt 0:05:07]} Bf5 {[%emt 0:05:44]} 21. Bxf5 {[%emt 0:03:21]} Qxf5 {[%emt 0:00:02]} 22. Qe4 {[%emt 0:01:02]} Qxe4 {[%emt 0:00:42]} 23. Nxe4 {[%emt 0:00:11]} Rfd8 {[%emt 0:01:29]} 24. Rad1 {[%emt 0:10:25]} Rd5 {[%emt 0:00:53]} 25. Rxd5 {[%emt 0:00:58]} cxd5 {[%emt 0:00:02]} 26. Nd6 {[%emt 0:00:34]} Kf8 {[%emt 0:04:37]} 27. Nb5 {[%emt 0:04:47]} c4 {[%emt 0:03:54]} 28. Rd1 {[%emt 0:00:19]} Rd8 {[%emt 0:00:06]} 29. Kf1 {[%emt 0:01:46]} Bc5 {[%emt 0:00:09]} 30. f4 {[%emt 0:13:59]} Ke7 {[%emt 0:06:23]} 31. Ke2 {[%emt 0:00:07]} f6 {[%emt 0:22:51]} 32. exf6+ {[%emt 0:00:07]} Kxf6 {[%emt 0:00:09]} 33. Kf3 {[%emt 0:00:22]} Rd7 {[%emt 0:01:48]} 34. Nc3 {[%emt 0:03:14]} Ke6 {[%emt 0:00:07]} 35. Re1+ {[%emt 0:00:10]} Kf7 {[%emt 0:08:31]} 36. Re5 {[%emt 0:00:48]} Bd4 {[%emt 0:02:08]} 37. Rxd5 {[%emt 0:00:05]} Rxd5 {[%emt 0:00:07]} 38. Nxd5 {[%emt 0:00:03]} Bxb2 {[%emt 0:00:04]} 39. Nb6 {[%emt 0:01:37]} c3 {[%emt 0:01:58]} 40. Nc4 {[%emt 0:00:00]} b5 {[%emt 0:00:00]} 41. axb5 {[%emt 0:01:42]} a4 {[%emt 0:00:33]} 42. b6 {[%emt 0:00:14]} a3 {[%emt 0:00:06]} 43. b7 {[%emt 0:00:15]} a2 {[%emt 0:00:16]} 44. b8=Q {[%emt 0:00:14]} a1=Q {[%emt 0:00:08]} 45. Ne5+ {[%emt 0:00:32]} 1-0

[Event "IV Zagreb Open 2019"]
[Site "Zagreb"]
[Date "2019.12.13"]
[Round "8.4"]
[White "Livaic, Leon"]
[Black "Nguyen, Piotr"]
[Result "1-0"]
[WhiteElo "2505"]
[BlackElo "2413"]
[Annotator "ChessBase"]
[PlyCount "81"]
[EventDate "2019.12.07"]
[EventType "swiss"]
[EventCountry "CRO"]
[SourceTitle "playchess.com"]
[Source "ChessBase"]
[SourceQuality "1"]
[TimeControl "40/5400+30:1800+30"]

1. d4 {[%emt 0:01:00]} g6 {[%emt 0:00:00]} 2. c4 {[%emt 0:00:10]} Bg7 {[%emt 0:00:00]} 3. Nc3 {[%emt 0:01:16]} d6 {[%emt 0:02:14]} 4. e4 {[%emt 0:00:19]} e5 {[%emt 0:00:19]} 5. Nge2 {[%emt 0:01:38]} Nd7 {[%emt 0:00:46]} 6. d5 {[%emt 0:04:06]} Ngf6 {[%emt 0:03:12]} 7. f3 {[%emt 0:02:28]} a5 {[%emt 0:04:40]} 8. Be3 {[%emt 0:00:24]} Nc5 {[%emt 0:02:05]} 9. Qd2 {[%emt 0:02:08]} Nfd7 {[%emt 0:03:26]} 10. h4 {[%emt 0:03:24]} f5 {[%emt 0:07:13]} 11. exf5 {[%emt 0:08:20]} gxf5 {[%emt 0:00:09]} 12. Ng3 {[%emt 0:10:27]} O-O {[%emt 0:05:30]} 13. Nh5 {[%emt 0:01:34]} f4 {[%emt 0:04:10]} 14. Bf2 {[%emt 0:03:39]} Bh8 {[%emt 0:17:47]} 15. Be2 {[%emt 0:01:09]} Qe8 {[%emt 0:02:50]} 16. g4 {[%emt 0:01:42]} e4 {[%emt 0:00:40]} 17. Nxe4 {[%emt 0:03:59]} Nxe4 {[%emt 0:02:33]} 18. fxe4 {[%emt 0:00:04]} Qxe4 {[%emt 0:02:13]} 19. O-O-O {[%emt 0:00:30]} Ne5 {[%emt 0:05:32]} 20. Rhe1 {[%emt 0:08:57]} a4 {[%emt 0:11:04]} 21. Bd3 {[%emt 0:01:44]} Nxd3+ {[%emt 0:02:43]} 22. Qxd3 {[%emt 0:01:00]} Qxd3 {[%emt 0:00:17]} 23. Rxd3 {[%emt 0:00:06]} b5 {[%emt 0:03:16]} 24. c5 {[%emt 0:10:34]} b4 {[%emt 0:02:05]} 25. c6 {[%emt 0:06:34]} Ra5 {[%emt 0:06:03]} 26. Rdd1 {[%emt 0:00:37]} a3 {[%emt 0:02:13]} 27. b3 {[%emt 0:00:37]} Bb2+ {[%emt 0:03:45]} 28. Kc2 {[%emt 0:00:14]} Kh8 {[%emt 0:00:43]} 29. Bd4+ {[%emt 0:04:22]} Bxd4 {[%emt 0:00:05]} 30. Rxd4 {[%emt 0:00:04]} f3 {[%emt 0:04:50]} 31. Rf4 {[%emt 0:04:29]} Rc5+ {[%emt 0:02:31]} 32. Kb1 {[%emt 0:00:06]} Kg8 {[%emt 0:00:09]} 33. Nf6+ {[%emt 0:01:26]} Kg7 {[%emt 0:00:54]} 34. g5 {[%emt 0:01:33]} Kg6 {[%emt 0:00:32]} 35. Rxf3 {[%emt 0:00:53]} Bf5+ {[%emt 0:00:17]} 36. Ka1 {[%emt 0:02:46]} Be4 {[%emt 0:00:29]} 37. Rf4 {[%emt 0:00:29]} Bg2 {[%emt 0:00:40]} 38. Kb1 {[%emt 0:04:28]} Bh3 {[%emt 0:00:09]} 39. Rg1 {[%emt 0:03:37]} Bf5+ {[%emt 0:00:32]} 40. Ka1 {[%emt 0:00:00]} h5 {[%emt 0:00:00]} 41. Nd7 {[%emt 0:03:43]} 1-0

[Event "IV Zagreb Open 2019"]
[Site "Zagreb"]
[Date "2019.12.13"]
[Round "8.5"]
[White "Drnovsek, Gal"]
[Black "Stany, G.A."]
[Result "1/2-1/2"]
[WhiteElo "2388"]
[BlackElo "2526"]
[Annotator "TA"]
[PlyCount "141"]
[EventDate "2019.12.07"]
[EventType "swiss"]
[EventCountry "CRO"]
[SourceTitle "playchess.com"]
[Source "ChessBase"]
[SourceQuality "1"]

{[%evp 15,141,25,38,26,39,29,31,25,45,29,33,28,40,36,62,51,55,53,72,53,52,18,52,68,114,119,173,72,93,97,106,93,95,41,70,71,88,95,232,212,434,430,413,414,885,866,844,532,5459,5439,6315,1213,1145,937,937,937,915,719,12823,12819,12802,12806,1164,1096,12804,12806,12798,12798,29970,29971,29985,12800,12799,12799,12797,12797,12797,1334,306,0,12797,12797,12775,3987,704,282,3322,177,147,40,12797,1208,525,2544,1347,1300,813,66,66,8,8,0,66,74,66,66,29962,29963,12819,8,8,8,8,8,21,8,8,8,61,50,89,8,8,8,8,8,8,8]} 1. Nf3 Nf6 2. c4 g6 3. b3 Bg7 4. Bb2 O-O 5. g3 a5 6. Bg2 c6 7. O-O d5 8. d3 Na6 9. Nbd2 {A11: English Opening: 1...c6} a4 10. cxd5 (10. Qc1 Bg4 11. Bc3 Nc7 12. h3 Bxf3 13. Nxf3 Ne6 14. b4 d4 15. Bd2 Nd7 16. Rb1 Qc7 {1-0 (42) Banusz,T (2612)-Indjic,A (2599) Valjevo 2018}) 10... cxd5 11. bxa4 {White is slightly better.} Nc5 12. Bd4 Nxa4 13. Qb3 b6 14. Rfc1 $146 ({Predecessor:} 14. Rab1 Nc5 15. Qxb6 Qxb6 16. Rxb6 Ne6 {1-0 (36) Costachi,M (2484)-Vasiesiu,V (2270) Sovata 2018}) 14... Bb7 15. Qb4 e6 16. Rab1 Ra6 17. Nb3 Re8 18. Ba1 Ba8 19. Rc2 Nc5 20. Qb5 $1 (20. Nxc5 $6 bxc5 21. Rxc5 Nd7 $14) 20... Qc8 (20... Ra3 $16 {was called for.}) 21. Nxc5 (21. Ne5 $1 $18 {[%cal Rb3c5] is more deadly.} Ra3 22. Qxb6 (22. Nxc5 bxc5 23. Rxc5 Qa6 $16)) 21... bxc5 $16 22. Rxc5 Bc6 23. Qb2 Qa8 24. Rc2 (24. Qc1 $16) 24... Ba4 25. Rc7 Bc6 {Threatening ...Qd8.} 26. Qc1 d4 (26... Rc8 $16 {was worth a try.} 27. Rxc8+ Qxc8) 27. Rxf7 Rc8 $2 {[#]} (27... e5 {is a better defense.} 28. Rc7 Bd5) 28. Rxg7+ $1 $18 Kxg7 29. Qf4 Rxa2 (29... Rf8 $142 30. Bxd4 Qd8) 30. Bxd4 Rf8 31. g4 {And now g5 would win.} Rxe2 {intending ...e5.} 32. g5 {[%mdl 64] Pin} e5 33. Bxe5 (33. Nxe5 $142 Qa2 34. gxf6+ Rxf6 35. Ng4 {[%mdl 64] Pin} Qxb1+ 36. Bf1) 33... Rxe5 34. gxf6+ ({Weaker is} 34. Nxe5 Bxg2 35. gxf6+ Rxf6 $16) 34... Rxf6 35. Qxe5 {Strongly threatening Ng5.} Bxf3 36. Rc1 {Intending Rc7+ and mate.} g5 37. Rc7+ Kg6 {[#]} 38. h4 $1 {[%mdl 512]} gxh4 39. Qe7 {Qg7+ would kill now.} Qg8 40. Bxf3 Rxf3 41. Qxh4 {[%mdl 4096] Endgame White threatens Qg4+ and mate. KQR-KQR} h5 42. Qe4+ $1 {[%mdl 64] Double Attack} Rf5 43. Kf1 (43. Qc6+ $142 Kg5 44. Qg2+ Kf6 45. Qxg8 Rg5+ 46. Qxg5+ $3 {[%mdl 512]} Kxg5 47. Re7 Kh6 48. d4) 43... Qf8 44. Rb7 Kh6 45. Qe3+ Kg6 46. Qg3+ (46. Rb6+ $142 Kh7 47. Re6) 46... Kh6 47. Qe3+ $2 (47. Rb6+ Kh7 48. Rb7+ Kh6 49. Qe3+ Rf4 50. Re7) 47... Kg6 $1 48. Rb6+ Kh7 49. Qe4 (49. Re6 $142 Rf4 50. Re5) 49... Kh8 50. Qd4+ (50. Ke1 $142 Qc8 51. Kd1) 50... Kh7 $2 (50... Qg7 51. Rh6+ Kg8 52. Qc4+ Qf7) 51. Qe3 $2 (51. Re6 Qg7 52. Qe3 Qa1+ 53. Kg2 Qg7+ 54. Kh1 Qb7+ 55. Re4) 51... Qg7 {[#]} 52. d4 ({Much less strong is} 52. Qe4 $6 Qa1+ 53. Kg2 Qg7+ 54. Kh3 Qg4+ 55. Qxg4 hxg4+ 56. Kg2 (56. Kxg4 Rxf2 57. Kg5 Kg7 $11) 56... Rf3 $14) (52. Rc6 $1 $16) 52... Qf8 $2 {[%mdl 8192]} (52... Qg5 $14 53. Ke2 h4) 53. Rc6 (53. Re6 $142 Qg7 54. Re7) 53... Rf3 54. Rc7+ Kg6 55. Qe6+ Kg5 56. Qe5+ $2 (56. Rc5+ $18 Kh4 57. Qe4+ Qf4 58. Qe2) 56... Kh4 $1 $14 57. Qh2+ (57. Qe2 $1 $14 Qf5 58. Rc5) 57... Rh3 $132 {[%mdl 2048] Black is fighting back} 58. Qe5 ({White should try} 58. Qg2 $11 Qf5 59. Re7 Qd3+ {[%mdl 64] Double Attack} 60. Re2) 58... Rf3 $14 (58... Qf3 $5 59. Qe7+ $8 Kg4 60. Qd7+ Qf5 $11) 59. Qe2 $1 Qf5 60. Rc5 $1 {[%cal Rc5f5]} Qh3+ $2 {[%mdl 8192]} (60... Qd3 $14) 61. Ke1 Qg4 62. Re5 $2 ({Only move:} 62. Qe7+ $18 Kh3 63. Rg5) 62... Qg1+ $11 63. Qf1 Qxf1+ 64. Kxf1 {Ke2 is the strong threat. KR-KR} Ra3 65. d5 {aiming for Ke2.} Kg4 66. Re3 Ra7 (66... Ra1+ $11 67. Re1 Ra8) 67. Kg2 Rd7 68. Re5 (68. f3+ $16 Kf5 69. Rd3) 68... Kf4 {The position is equal.} 69. Rxh5 Kg4 70. Re5 {Hoping for Re4+.} Kf4 71. Re3 {Accuracy: White = 36%, Black = 45%.} 1/2-1/2